00329nam a2200133Ia 45000030006000000080041000060400015000471000017000622450016000792600063000953000006001585460014001640050017001780STCL150530s9999 xx 000 0 und d aSTCLcSTCL aBhavani Devi aKoon Krishi bState Institute of Lanagauge; Trivandrumc1996aTrivandrum a0 aMalayalam20220125165815.0